000
00266nam a2200133Ia 4500
100
_a
Pekowsky/Larne
942
_c
BK
654
_a
JSP
245
_a
Java Server page TM
260
_b
Pearson Edu
_c
2000
082
_a
5.72
_b
PEK
300
_a
282
546
_a
ENGLISH
999
_c
21714
_d
21714